[Event "Cologne Ford op 17th"]
[Site "Cologne"]
[Date "2011.05.02"]
[Round "3"]
[White "Kuehnast, Volker"]
[Black "Rikowski, Artur"]
[Result "1/2-1/2"]
[WhiteElo "1825"]
[BlackElo "1500"]
[PlyCount "109"]
[EventDate "2011.04.12"]
[EventType "swiss"]
[EventRounds "7"]
[EventCountry "GER"]
[SourceTitle "EXT 2012"]
[Source "ChessBase"]
[SourceDate "2011.11.24"]
[SourceVersion "1"]
[SourceVersionDate "2011.11.24"]
[SourceQuality "1"]

1. e4 e5 2. Nf3 d6 3. d4 exd4 4. Nxd4 Nf6 5. Nc3 Bd7 6. Bc4 Nc6 7. 0-0 Be7 8. Re1 0-0 9. Be3 Ne5 10. Bb3 Qc8 11. a4 Be6 12. Nxe6 fxe6 13. h3 Kh8 14. f4 Nc6 15. g4 e5 16. f5 h6 17. g5 hxg5 18. Bxg5 Nh7 19. h4 Qd8 20. Bxe7 Qxe7 21. Qg4 Nd4 22. Ra3 c6 23. Nd1 Qxh4 24. Qxh4 Nf3+ 25. Kf2 Nxh4 26. Rh1 Ng6 27. Be6 Nf4 28. Ke1 Rf6 29. Ba2 Rd8 30. c4 Rd7 31. Rg3 g6 32. Ne3 gxf5 33. Nxf5 Rg6 34. Rxg6 Nxg6 35. Rh6 Nf4 36. Rxd6 Rxd6 37. Nxd6 Nd3+ 38. Kd2 Nxb2 39. Bb3 Nf6 40. Kc3 Nxa4+ 41. Bxa4 b5 42. Bxb5 cxb5 43. cxb5 Kg8 44. Kd3 Kf8 45. Nc8 Ke8 46. Nxa7 Nd7 47. Nc6 Kf7 48. Nb4 Ke6 49. Nd5 Kd6 50. Kc4 Nc5 51. Nc3 Nb7 52. Kb4 Nc5 53. Ka5 Kc7 54. b6+ Kc6 55. Kb4 1/2-1/2

[Event "Cologne Ford op"]
[Site "Cologne"]
[Date "2010.04.19"]
[Round "1"]
[White "Rotstein, Jefim"]
[Black "Rikowski, Artur"]
[Result "1-0"]
[WhiteElo "2233"]
[BlackElo "1580"]
[PlyCount "103"]
[EventDate "2010.04.19"]
[EventType "swiss"]
[EventRounds "7"]
[EventCountry "GER"]
[SourceTitle "EXT 2011"]
[Source "ChessBase"]
[SourceDate "2010.11.26"]
[SourceVersion "1"]
[SourceVersionDate "2010.11.26"]
[SourceQuality "1"]

1. d4 d5 2. Nf3 Nf6 3. c4 e6 4. Nc3 c6 5. Bg5 Be7 6. e3 dxc4 7. Bxc4 Nd5 8. Bxe7 Qxe7 9. 0-0 Nd7 10. e4 Nf4 11. Qd2 Qf6 12. Rfe1 0-0 13. e5 Qf5 14. Re4 Ng6 15. Bd3 Qh5 16. g4 Qh6 17. Qxh6 gxh6 18. b4 Nb6 19. Ree1 Nd5 20. Nxd5 exd5 21. Bf5 Nf4 22. Nh4 Be6 23. a4 a6 24. Ra3 Ng6 25. Ng2 Ne7 26. Bxe6 fxe6 27. f4 Ng6 28. Rf1 Rf7 29. f5 Raf8 30. f6 Rc7 31. Rc1 Rfc8 32. a5 Kf7 33. Rh3 Rg8 34. Rxh6 Nf8 35. h3 Rg6 36. Rxg6 Nxg6 37. Kf2 Rc8 38. h4 Rg8 39. Kf3 Nf8 40. Nf4 Ng6 41. Ng2 Nf8 42. b5 axb5 43. a6 Nd7 44. axb7 Nb8 45. g5 h6 46. Kg4 b4 47. Nf4 hxg5 48. hxg5 b3 49. g6+ Rxg6+ 50. Nxg6 Kxg6 51. Rb1 Na6 52. Rxb3 1-0